[Event "POL-ch rapid"]
[Site "Zgierz"]
[Date "2018.03.04"]
[Round "1"]
[White "Bartel, Mateusz"]
[Black "Major, Boguslaw"]
[Result "1-0"]
[WhiteElo "2609"]
[BlackElo "1710"]
[PlyCount "47"]
[EventDate "2018.03.04"]
[EventType "swiss (rapid)"]
[EventRounds "9"]
[EventCountry "POL"]
[SourceTitle "CBM 183 Extra"]
[Source "ChessBase"]
[SourceDate "2018.04.19"]
[SourceVersion "1"]
[SourceVersionDate "2018.04.19"]
[SourceQuality "1"]

1. Nf3 Nf6 2. g3 d5 3. Bg2 Nc6 4. d4 Bf5 5. 0-0 e6 6. c4 Qd7 7. Nc3 Be7 8. Ne5 Qd8 9. Qa4 0-0 10. Nxc6 bxc6 11. Qxc6 Rb8 12. c5 Rb4 13. Rd1 Nd7 14. Qa6 Bf6 15. e3 Bg4 16. f3 Bf5 17. Qxa7 Nb8 18. a3 Rb3 19. e4 Bg6 20. Qa4 Rb7 21. e5 Be7 22. b4 Nd7 23. Be3 Qb8 24. Qxd7 1-0

[Event "POL-ch (Public Admin) 3rd rapid"]
[Site "Warsaw"]
[Date "2017.12.09"]
[Round "2.12"]
[White "Major, Boguslaw"]
[Black "Wojtowicz, Adam"]
[Result "1-0"]
[WhiteElo "1761"]
[BlackElo "2081"]
[PlyCount "29"]
[EventDate "2017.12.09"]
[EventType "swiss (rapid)"]
[EventRounds "9"]
[EventCountry "POL"]
[SourceTitle "CBM 182 Extra"]
[Source "ChessBase"]
[SourceDate "2018.02.23"]
[SourceVersion "1"]
[SourceVersionDate "2018.02.23"]
[SourceQuality "1"]

1. e4 c5 2. Nc3 Nc6 3. f4 g6 4. Nf3 Bg7 5. Bb5 Nd4 6. 0-0 Nxb5 7. Nxb5 a6 8. Nc3 d6 9. d3 Nf6 10. Qe1 0-0 11. Qh4 b5 12. f5 gxf5 13. Bh6 Bxh6 14. Qxh6 fxe4 15. Ng5 1-0

[Event "Warsaw YMCA Autumn-B 175th"]
[Site "Warsaw"]
[Date "2016.12.15"]
[Round "13"]
[White "Markiewicz, Michal"]
[Black "Major, Boguslaw"]
[Result "1-0"]
[WhiteElo "1889"]
[BlackElo "1732"]
[PlyCount "99"]
[EventDate "2016.09.22"]
[EventType "tourn"]
[EventRounds "13"]
[EventCountry "POL"]
[SourceTitle "EXT 2019"]
[Source "ChessBase"]
[SourceDate "2018.10.10"]
[SourceVersion "1"]
[SourceVersionDate "2018.10.10"]
[SourceQuality "1"]

1. d4 Nf6 2. Nf3 g6 3. c4 Bg7 4. g3 0-0 5. Bg2 d6 6. 0-0 c6 7. Nc3 Qa5 8. e4 Qh5 9. Nh4 Bg4 10. f3 Bd7 11. Qe1 Qa5 12. Rb1 Na6 13. a3 e5 14. b4 Qc7 15. dxe5 dxe5 16. Be3 Be6 17. c5 Bc4 18. Rf2 Rad8 19. Bf1 Bd3 20. Rd1 Bxf1 21. Qxf1 Rxd1 22. Nxd1 Nd7 23. g4 Qd8 24. Ng2 f5 25. Qc4+ Kh8 26. Rd2 fxe4 27. Qxe4 Nc7 28. Nb2 Nd5 29. Nc4 Qf6 30. Ne1 Qe6 31. g5 Rf5 32. Nd6 Nxe3 33. Qxe3 Rf4 34. Ne4 Qh3 35. Qd3 Rf7 36. Qb3 Rf8 37. Rd6 Rf4 38. Qe6 Qxe6 39. Rxe6 Bf8 40. Kg2 Kg7 41. Re8 Kf7 42. Ra8 h6 43. Nd3 Rf5 44. h4 hxg5 45. hxg5 Be7 46. Rxa7 Ke6 47. Rxb7 Bxg5 48. Rc7 Nb8 49. Rc8 Na6 50. Rxc6+ 1-0

[Event "Warsaw YMCA Autumn-B 175th"]
[Site "Warsaw"]
[Date "2016.10.21"]
[Round "5"]
[White "Omar, Mohamed"]
[Black "Major, Boguslaw"]
[Result "1-0"]
[WhiteElo "1886"]
[BlackElo "1732"]
[PlyCount "59"]
[EventDate "2016.09.22"]
[EventType "tourn"]
[EventRounds "13"]
[EventCountry "POL"]
[SourceTitle "EXT 2019"]
[Source "ChessBase"]
[SourceDate "2018.10.10"]
[SourceVersion "1"]
[SourceVersionDate "2018.10.10"]
[SourceQuality "1"]

1. e4 c5 2. b3 Nc6 3. Bb2 d6 4. Bb5 Bd7 5. Ne2 Nf6 6. d3 e5 7. 0-0 Qb6 8. Bxc6 bxc6 9. Nd2 g5 10. Nc4 Qd8 11. Ng3 h5 12. Ne3 h4 13. Ngf5 Nh5 14. Qf3 Qf6 15. a3 Ng7 16. b4 Nxf5 17. Ng4 Qg6 18. exf5 Qxf5 19. Qxf5 Bxf5 20. Ne3 Be6 21. bxc5 d5 22. Bxe5 Rg8 23. Bd4 f5 24. Rfe1 Kf7 25. Rab1 f4 26. Rb7+ Kg6 27. Nf1 Bf7 28. Rc7 Be8 29. Re6+ Kh5 30. Rh7+ 1-0

[Event "Warsaw YMCA Summer-A 172nd"]
[Site "Warsaw"]
[Date "2016.07.19"]
[Round "4"]
[White "Praczukowski, Stanislaw"]
[Black "Major, Boguslaw"]
[Result "1-0"]
[WhiteElo "2072"]
[BlackElo "1760"]
[PlyCount "69"]
[EventDate "2016.07.01"]
[EventType "tourn"]
[EventRounds "11"]
[EventCountry "POL"]
[SourceTitle "EXT 2019"]
[Source "ChessBase"]
[SourceDate "2018.10.10"]
[SourceVersion "1"]
[SourceVersionDate "2018.10.10"]
[SourceQuality "1"]

1. e4 d6 2. d4 Nf6 3. Nc3 g6 4. h3 Bg7 5. Be3 c6 6. a4 Qa5 7. Qd2 Na6 8. g4 h5 9. g5 Nd7 10. Bg2 c5 11. Nge2 0-0 12. 0-0 cxd4 13. Nxd4 Ne5 14. Nd5 Qd8 15. b3 Be6 16. Rad1 Qd7 17. f4 Nc6 18. f5 Bxd5 19. exd5 Nxd4 20. Bxd4 Bxd4+ 21. Qxd4 Kh7 22. f6 exf6 23. Rxf6 Nc7 24. Rdf1 Ne8 25. Rxg6 Kxg6 26. Be4+ f5 27. gxf6+ Kf7 28. Bf5 Rg8+ 29. Kh1 Qd8 30. Be6+ Kf8 31. Bxg8 Kxg8 32. f7+ Kf8 33. fxe8Q+ Kxe8 34. Qh8+ Ke7 35. Qg7+ 1-0

[Event "Warsaw YMCA Summer-A 172nd"]
[Site "Warsaw"]
[Date "2016.07.01"]
[Round "1"]
[White "Major, Boguslaw"]
[Black "Szukalski, Antoni"]
[Result "0-1"]
[WhiteElo "1760"]
[BlackElo "1721"]
[PlyCount "70"]
[EventDate "2016.07.01"]
[EventType "tourn"]
[EventRounds "11"]
[EventCountry "POL"]
[SourceTitle "EXT 2019"]
[Source "ChessBase"]
[SourceDate "2018.10.10"]
[SourceVersion "1"]
[SourceVersionDate "2018.10.10"]
[SourceQuality "1"]

1. d4 Nf6 2. Nc3 d5 3. Bg5 e6 4. e4 dxe4 5. Nxe4 Be7 6. Bxf6 Bxf6 7. Nf3 0-0 8. Bd3 Bxd4 9. Neg5 g6 10. h4 Bf6 11. Nxh7 Kxh7 12. h5 Kg7 13. Qd2 Rh8 14. h6+ Kh7 15. 0-0-0 Nc6 16. g4 Rg8 17. Qf4 Qe7 18. g5 Bh8 19. Bc4 a6 20. Rhe1 Rb8 21. Qe4 Na5 22. Bd3 b5 23. Qf4 Nc4 24. Bxc4 bxc4 25. Ne5 Rb5 26. c3 Rf8 27. Nf3 Bb7 28. Ne5 Bd5 29. Rd2 f6 30. gxf6 Qxf6 31. Qg3 Qf5 32. Nd7 Rf7 33. Qxc7 Bxc3 34. Nf8+ Kh8 35. Re5 Bxd2+ 0-1

[Event "Warsaw YMCA Winter-C 136th"]
[Site "Warsaw"]
[Date "2014.03.11"]
[Round "10"]
[White "Tegi, Robert"]
[Black "Major, Boguslaw"]
[Result "0-1"]
[WhiteElo "1733"]
[BlackElo "1800"]
[PlyCount "134"]
[EventDate "2014.01.06"]
[EventType "tourn"]
[EventRounds "13"]
[EventCountry "POL"]
[SourceTitle "EXT 2015"]
[Source "ChessBase"]
[SourceDate "2014.11.20"]
[SourceVersion "1"]
[SourceVersionDate "2014.11.20"]
[SourceQuality "1"]

1. d4 Nf6 2. c4 g6 3. Nc3 Bg7 4. g3 0-0 5. Bg2 d6 6. Nf3 c6 7. 0-0 Qa5 8. e4 Qh5 9. Re1 Bg4 10. Qd3 Na6 11. a3 e5 12. b4 exd4 13. Ne2 Bxf3 14. Bxf3 Ng4 15. Bxg4 Qxg4 16. Rb1 c5 17. Nf4 Nc7 18. bxc5 Ne6 19. cxd6 Nc5 20. Qe2 Qd7 21. Nd3 Na4 22. Bd2 Rfc8 23. Rec1 Qxd6 24. Rxb7 Qa6 25. Rcb1 Nb6 26. Re7 Qxc4 27. Qf3 Rf8 28. Rc1 Qa2 29. Bb4 Rfc8 30. Rcc7 Rxc7 31. Rxc7 Qe6 32. Nc5 Qf6 33. Qxf6 Bxf6 34. Nd7 Nxd7 35. Rxd7 a5 36. Bd6 d3 37. Bf4 Rd8 38. Rxd8+ Bxd8 39. a4 Be7 40. f3 g5 41. Bd2 Bb4 42. Bxg5 d2 43. Bxd2 Bxd2 44. Kf2 Kf8 45. Ke2 Bb4 46. Kd3 Ke7 47. e5 Ke6 48. Ke4 Bc5 49. f4 f5+ 50. exf6 Kxf6 51. g4 h6 52. h3 Bd6 53. h4 Kg6 54. h5+ Kf6 55. Kf3 Be7 56. Ke4 Ke6 57. Kd4 Bd6 58. Ke4 Bc7 59. Kf3 Bd8 60. Ke4 Bf6 61. Ke3 Kd5 62. Kf3 Kd4 63. Kf2 Ke4 64. Kg3 Ke3 65. f5 Ke4 66. Kg2 Kf4 67. Kh3 Kf3 0-1

[Event "Warsaw YMCA Winter-C 136th"]
[Site "Warsaw"]
[Date "2014.02.03"]
[Round "4"]
[White "Major, Boguslaw"]
[Black "Lewandrowski, Tomasz"]
[Result "1-0"]
[WhiteElo "1800"]
[BlackElo "1817"]
[PlyCount "33"]
[EventDate "2014.01.06"]
[EventType "tourn"]
[EventRounds "13"]
[EventCountry "POL"]
[SourceTitle "EXT 2015"]
[Source "ChessBase"]
[SourceDate "2014.11.20"]
[SourceVersion "1"]
[SourceVersionDate "2014.11.20"]
[SourceQuality "1"]

1. e4 c5 2. Nf3 g6 3. d4 cxd4 4. c3 dxc3 5. Nxc3 Bg7 6. Bc4 Qc7 7. Qb3 e6 8. Nb5 Qc6 9. Qd3 Na6 10. Nd6+ Ke7 11. e5 Nh6 12. Bg5+ Kf8 13. Bxa6 Qxa6 14. Qxa6 bxa6 15. Rc1 f6 16. exf6 Bxf6 17. Bxf6 1-0

[Event "Warsaw YMCA Winter-C 136th"]
[Site "Warsaw"]
[Date "2014.01.21"]
[Round "3"]
[White "Milczarek, Robert"]
[Black "Major, Boguslaw"]
[Result "1-0"]
[WhiteElo "1830"]
[BlackElo "1800"]
[PlyCount "53"]
[EventDate "2014.01.06"]
[EventType "tourn"]
[EventRounds "13"]
[EventCountry "POL"]
[SourceTitle "EXT 2015"]
[Source "ChessBase"]
[SourceDate "2014.11.20"]
[SourceVersion "1"]
[SourceVersionDate "2014.11.20"]
[SourceQuality "1"]

1. d4 d5 2. c4 dxc4 3. e3 Nf6 4. Bxc4 e6 5. Nf3 c5 6. 0-0 a6 7. a4 Nc6 8. Qe2 cxd4 9. Rd1 Be7 10. exd4 Nb4 11. Nc3 Nbd5 12. Ne5 0-0 13. Bg5 h6 14. Bc1 Nxc3 15. bxc3 Nd5 16. Qf3 Qc7 17. Qg3 Kh7 18. Bd3+ f5 19. c4 Nc3 20. Re1 Bd6 21. Qg6+ Kg8 22. Ba3 Bd7 23. Nxd7 Qxd7 24. Qxe6+ Qxe6 25. Rxe6 Bxa3 26. Rxa3 Rae8 27. Rxe8 1-0

[Event "Warsaw YMCA Autumn-C 129th"]
[Site "Warsaw"]
[Date "2013.11.06"]
[Round "8"]
[White "Jarmolowski, Tadeusz"]
[Black "Major, Boguslaw"]
[Result "0-1"]
[WhiteElo "1695"]
[BlackElo "1781"]
[PlyCount "64"]
[EventDate "2013.09.16"]
[EventType "tourn"]
[EventRounds "13"]
[EventCountry "POL"]
[SourceTitle "EXT 2015"]
[Source "ChessBase"]
[SourceDate "2014.11.20"]
[SourceVersion "1"]
[SourceVersionDate "2014.11.20"]
[SourceQuality "1"]

1. e4 d6 2. d4 Nf6 3. Nc3 g6 4. f4 Bg7 5. Nf3 c5 6. dxc5 Qa5 7. Bd3 Qxc5 8. Qe2 Bg4 9. Be3 Qb4 10. 0-0 0-0 11. Nb5 Qa5 12. Kh1 Nc6 13. Bd2 Qb6 14. Qe1 a6 15. Nc3 Bxf3 16. Rxf3 Nd4 17. Rh3 e6 18. Rh4 h5 19. h3 Nd7 20. e5 dxe5 21. fxe5 Nf5 22. Bxf5 exf5 23. Na4 Qc6 24. Bc3 Rfe8 25. Qg3 Nxe5 26. Re1 f6 27. Bxe5 fxe5 28. Nc3 e4 29. Rd1 Rad8 30. Rxd8 Rxd8 31. Qe1 Qd6 32. Qf1 Qg3 0-1

[Event "Warsaw YMCA Winter 118th"]
[Site "Warsaw"]
[Date "2013.03.21"]
[Round "12"]
[White "Staniak, Mariusz"]
[Black "Major, Boguslaw"]
[Result "0-1"]
[WhiteElo "1872"]
[BlackElo "1765"]
[PlyCount "110"]
[EventDate "2013.01.07"]
[EventType "tourn"]
[EventRounds "13"]
[EventCountry "POL"]
[SourceTitle "EXT 2014"]
[Source "ChessBase"]
[SourceDate "2013.11.20"]
[SourceVersion "1"]
[SourceVersionDate "2013.11.20"]
[SourceQuality "1"]

1. c4 e6 2. Nc3 d5 3. d4 dxc4 4. e3 Nf6 5. Bxc4 c5 6. Nf3 a6 7. a3 b5 8. Ba2 Bb7 9. 0-0 Nbd7 10. Qe2 cxd4 11. exd4 Be7 12. Re1 0-0 13. d5 e5 14. Nxe5 Nxe5 15. Qxe5 Bxa3 16. Qg3 Bd6 17. Qd3 Qc7 18. g3 Rfe8 19. Bg5 Nd7 20. Ne4 Ne5 21. Qe2 Ng6 22. Qd3 Ne5 23. Qb3 Nc4 24. Nxd6 Qxd6 25. Red1 Bxd5 26. Qd3 Qc6 27. Qxd5 Re1+ 28. Kg2 Qxd5+ 29. Rxd5 Rxa1 30. Bxc4 bxc4 31. Rc5 f6 32. Bd2 Ra4 33. Bc3 Kf7 34. Rc7+ Kg6 35. Rc5 Re8 36. h4 h5 37. Rc7 Re2 38. Rc5 Rc2 39. Rc7 Ra2 40. Ra7 a5 41. Rc7 a4 42. Bd4 a3 43. bxa3 Rxa3 44. Rc5 c3 45. Rc7 Rc1 46. Be3 Re1 47. Bd4 Rc1 48. Be3 Rb1 49. Kf3 Rb5 50. Ke2 Rb2+ 51. Kd1 Ra1+ 52. Bc1 Rxf2 53. Rxc3 Rf1+ 54. Kd2 Rfxc1 55. Rxc1 Rxc1 0-1

[Event "Warsaw YMCA Winter 118th"]
[Site "Warsaw"]
[Date "2013.03.04"]
[Round "9"]
[White "Koziol, Pawel"]
[Black "Major, Boguslaw"]
[Result "1/2-1/2"]
[WhiteElo "1884"]
[BlackElo "1765"]
[PlyCount "139"]
[EventDate "2013.01.07"]
[EventType "tourn"]
[EventRounds "13"]
[EventCountry "POL"]
[SourceTitle "EXT 2014"]
[Source "ChessBase"]
[SourceDate "2013.11.20"]
[SourceVersion "1"]
[SourceVersionDate "2013.11.20"]
[SourceQuality "1"]

1. Nf3 Nf6 2. g3 d5 3. Bg2 Bf5 4. 0-0 c6 5. d3 Nbd7 6. Nbd2 e6 7. Qe1 Nc5 8. Nh4 Bg4 9. f4 Be7 10. e4 dxe4 11. dxe4 Qd4+ 12. Kh1 Nfd7 13. Nb3 Nxb3 14. axb3 Bxh4 15. gxh4 0-0 16. Qg3 f5 17. Ra4 Qf6 18. e5 Qe7 19. h3 Be2 20. Re1 Bh5 21. Be3 Nb6 22. Rd4 Rfd8 23. Rg1 Rxd4 24. Bxd4 Rd8 25. Qf2 Qc7 26. Bf1 Qd7 27. Be3 Qd1 28. Bg2 Qe2 29. Rf1 Qxf2 30. Rxf2 Rd1+ 31. Bf1 Re1 32. Bd2 Rb1 33. Bc3 Nd5 34. Kh2 Kf7 35. Bd4 b6 36. Bc4 c5 37. Bc3 Ne3 38. Bd3 Nd1 39. Rd2 Nxb2 40. Bb5 Rd1 41. Rf2 Rb1 42. Rd2 Bf3 43. Rd7+ Kg6 44. Rd6 Bd5 45. Be8+ Kh6 46. Bc6 Rh1+ 47. Kg3 Rg1+ 48. Kf2 Rg2+ 49. Kf1 Nd1 50. Bxd5 Ne3+ 51. Ke1 Nxc2+ 52. Kf1 Ne3+ 53. Ke1 Nxd5 54. Rxe6+ Rg6 55. Rxg6+ Kxg6 56. Bd2 Kf7 57. Ke2 Ke6 58. Kd3 a6 59. Kc4 Ne7 60. h5 Nc6 61. Bc3 Nb8 62. b4 cxb4 63. Bxb4 Nd7 64. Ba3 g5 65. hxg6 hxg6 66. h4 Nb8 67. Bd6 Nc6 68. Bc7 Na5+ 69. Kc3 Kd5 70. Bxb6 1/2-1/2

[Event "Warsaw YMCA Winter 118th"]
[Site "Warsaw"]
[Date "2013.02.27"]
[Round "8"]
[White "Major, Boguslaw"]
[Black "Nowak, Lukasz"]
[Result "0-1"]
[WhiteElo "1765"]
[BlackElo "1827"]
[PlyCount "80"]
[EventDate "2013.01.07"]
[EventType "tourn"]
[EventRounds "13"]
[EventCountry "POL"]
[SourceTitle "EXT 2014"]
[Source "ChessBase"]
[SourceDate "2013.11.20"]
[SourceVersion "1"]
[SourceVersionDate "2013.11.20"]
[SourceQuality "1"]

1. e4 c5 2. Nc3 d6 3. f4 g6 4. Nf3 Bg7 5. Bb5+ Bd7 6. a4 Nf6 7. e5 dxe5 8. fxe5 Ng4 9. Qe2 0-0 10. 0-0 Nc6 11. Bxc6 Bxc6 12. e6 Qd6 13. Nb5 Bxb5 14. axb5 Bd4+ 15. Kh1 Qxe6 16. Nxd4 cxd4 17. Qxe6 fxe6 18. Rxf8+ Kxf8 19. h3 Nf6 20. d3 Nd5 21. Bh6+ Ke8 22. Rf1 Rc8 23. Ra1 Rxc2 24. Rxa7 b6 25. Bg7 Rxb2 26. Bxd4 Rxb5 27. Kg1 Rb3 28. Rb7 Rxd3 29. Bxb6 Rb3 30. Rb8+ Kf7 31. Ba7 Rxb8 32. Bxb8 Kf6 33. Kf2 e5 34. Kf3 Ke6 35. g3 Nf6 36. g4 h5 37. g5 Nd7 38. Bc7 Kf5 39. h4 e4+ 40. Ke3 Ne5 0-1

[Event "Warsaw YMCA Winter 118th"]
[Site "Warsaw"]
[Date "2013.02.11"]
[Round "6"]
[White "Major, Boguslaw"]
[Black "Herman, Monika"]
[Result "1/2-1/2"]
[WhiteElo "1765"]
[BlackElo "1722"]
[PlyCount "97"]
[EventDate "2013.01.07"]
[EventType "tourn"]
[EventRounds "13"]
[EventCountry "POL"]
[SourceTitle "EXT 2014"]
[Source "ChessBase"]
[SourceDate "2013.11.20"]
[SourceVersion "1"]
[SourceVersionDate "2013.11.20"]
[SourceQuality "1"]

1. d4 Nf6 2. Bg5 d5 3. Bxf6 gxf6 4. g3 e5 5. Bg2 Be6 6. e3 h5 7. h4 Bg7 8. Nc3 e4 9. Nge2 Bh6 10. Qd2 c6 11. 0-0 Nd7 12. b4 b5 13. a4 a6 14. a5 Qe7 15. Rab1 0-0-0 16. Na2 Kb7 17. Rfc1 Bg4 18. Nac3 Qe6 19. Kh2 Rdg8 20. Ng1 f5 21. Nce2 Nf6 22. Nf4 Qd7 23. Qc3 Bf8 24. Qd2 Ne8 25. Bf1 Bd6 26. c4 Bxf4 27. cxb5 Bxg3+ 28. fxg3 cxb5 29. Qc3 Rh6 30. Qb2 Qd6 31. Qf2 Rhg6 32. Rc5 Bf3 33. Nxf3 exf3 34. Qxf3 Rxg3 35. Qxd5+ Qxd5 36. Rxd5 Rxe3 37. Rxf5 Nd6 38. Rf6 Rg6 39. Bg2+ Kc7 40. Rc1+ Kd8 41. Rxg6 fxg6 42. Rc6 Nf5 43. Rxa6 Nxh4 44. Bc6 Rb3 45. Rb6 Rxb4 46. Rxb5 Rxd4 47. a6 Kc7 48. a7 Kxc6 49. a8Q+ 1/2-1/2

[Event "Warsaw YMCA Winter 118th"]
[Site "Warsaw"]
[Date "2013.02.04"]
[Round "5"]
[White "Kowalczyk, Waldemar"]
[Black "Major, Boguslaw"]
[Result "0-1"]
[WhiteElo "1738"]
[BlackElo "1765"]
[PlyCount "154"]
[EventDate "2013.01.07"]
[EventType "tourn"]
[EventRounds "13"]
[EventCountry "POL"]
[SourceTitle "EXT 2014"]
[Source "ChessBase"]
[SourceDate "2013.11.20"]
[SourceVersion "1"]
[SourceVersionDate "2013.11.20"]
[SourceQuality "1"]

1. d4 g6 2. c4 Bg7 3. Nc3 c5 4. d5 Bxc3+ 5. bxc3 f5 6. Nf3 Qa5 7. Bd2 Nf6 8. Qc2 d6 9. e3 Nbd7 10. Bd3 Ne5 11. Nxe5 dxe5 12. f3 Bd7 13. a4 Kf7 14. 0-0 h5 15. e4 f4 16. Bxf4 exf4 17. e5 Rh6 18. Rfe1 Nxd5 19. cxd5 Kg7 20. e6 c4 21. Be4 Be8 22. Qd2 Qc5+ 23. Kh1 g5 24. Reb1 Rb8 25. Rb4 a5 26. Rb2 h4 27. h3 b6 28. Qc1 Rh8 29. Qg1 Qxg1+ 30. Kxg1 Kf6 31. Kf2 Ke5 32. Rd2 Kd6 33. Rd4 Kc5 34. Bc2 b5 35. axb5 Rxb5 36. Rd2 Kd6 37. Be4 Rc5 38. Rb2 a4 39. Rb6+ Ke5 40. Rb4 Bb5 41. Ke2 Kd6 42. Kf2 Ra8 43. Ra3 Ra7 44. Rb2 Kc7 45. Rd2 Be8 46. Rb2 Rb5 47. Rxb5 Bxb5 48. Ke2 Kd6 49. Kd2 Be8 50. Kc2 Rb7 51. Ra1 Rb3 52. Kd2 a3 53. Bc2 Rb2 54. Rxa3 Bg6 55. Ra6+ Kxd5 56. Ra5+ Kxe6 57. Rxg5 Rxc2+ 58. Kd1 Bd3 59. Rg4 Kf5 60. Rxh4 Rxg2 61. Rh5+ Kg6 62. Re5 Kf6 63. Rh5 Be2+ 64. Ke1 Bxf3 65. Rc5 Be2 66. h4 e5 67. h5 Bd3 68. h6 Rh2 69. Rc6+ Kf5 70. Rd6 Ke4 71. Re6 f3 72. Rf6 Ke3 73. Rxf3+ Kxf3 74. Kd1 Rxh6 75. Kc1 Rb6 76. Kd2 e4 77. Kc1 Ke3 0-1

[Event "Warsaw YMCA Winter 118th"]
[Site "Warsaw"]
[Date "2013.01.07"]
[Round "1"]
[White "Moskwinski, Marek"]
[Black "Major, Boguslaw"]
[Result "0-1"]
[WhiteElo "1758"]
[BlackElo "1765"]
[PlyCount "54"]
[EventDate "2013.01.07"]
[EventType "tourn"]
[EventRounds "13"]
[EventCountry "POL"]
[SourceTitle "EXT 2014"]
[Source "ChessBase"]
[SourceDate "2013.11.20"]
[SourceVersion "1"]
[SourceVersionDate "2013.11.20"]
[SourceQuality "1"]

1. e4 Nf6 2. e5 Nd5 3. d4 d6 4. c4 Nb6 5. exd6 exd6 6. Nc3 Nc6 7. h3 Bf5 8. Nf3 Be7 9. d5 Nb4 10. Nd4 Bg6 11. a3 Na6 12. Be2 0-0 13. 0-0 Nc5 14. f4 h6 15. Bh5 Bxh5 16. Qxh5 Bf6 17. Nf5 Re8 18. Rf3 Re1+ 19. Kh2 Qf8 20. Rg3 Kh8 21. Nxh6 gxh6 22. f5 Rxc1 23. Rxc1 Be5 24. Ne2 Ne4 25. f6 Nxg3 26. Nxg3 Bxg3+ 27. Kxg3 Qg8+ 0-1

[Event "Warsaw YMCA Spring-C 91st"]
[Site "Warsaw"]
[Date "2011.04.27"]
[Round "4"]
[White "Major, Boguslaw"]
[Black "Jarmolowski, Tadeusz"]
[Result "0-1"]
[WhiteElo "1811"]
[BlackElo "1723"]
[PlyCount "70"]
[EventDate "2011.04.06"]
[EventType "tourn"]
[EventRounds "13"]
[EventCountry "POL"]
[SourceTitle "EXT 2019"]
[Source "ChessBase"]
[SourceDate "2018.10.10"]
[SourceVersion "1"]
[SourceVersionDate "2018.10.10"]
[SourceQuality "1"]

1. d4 Nf6 2. c4 e6 3. Nf3 b6 4. Nc3 Bb4 5. Bd2 Bb7 6. e3 0-0 7. Bd3 d5 8. cxd5 exd5 9. a3 Bxc3 10. bxc3 Nbd7 11. Qc2 c5 12. h4 cxd4 13. cxd4 Rc8 14. Qb3 Ne4 15. Bb4 Re8 16. Bxe4 Rxe4 17. Ng5 Re8 18. Bd6 Qf6 19. Qd3 Qxd6 20. Qxh7+ Kf8 21. h5 Qh6 22. Qf5 Nf6 23. g4 Rc7 24. 0-0 Bc8 25. Qf4 Rce7 26. f3 Rxe3 27. Rac1 R3e7 28. Rc6 Kg8 29. Rfc1 Be6 30. Kf2 Nh7 31. Nxe6 Rxe6 32. Rxe6 Qxe6 33. g5 f6 34. g6 Ng5 35. Kf1 Qe2+ 0-1

[Event "Warsaw YMCA Spring-C 91st"]
[Site "Warsaw"]
[Date "2011.04.20"]
[Round "3"]
[White "Szukalski, Antoni"]
[Black "Major, Boguslaw"]
[Result "1-0"]
[WhiteElo "1815"]
[BlackElo "1811"]
[PlyCount "87"]
[EventDate "2011.04.06"]
[EventType "tourn"]
[EventRounds "13"]
[EventCountry "POL"]
[SourceTitle "EXT 2019"]
[Source "ChessBase"]
[SourceDate "2018.10.10"]
[SourceVersion "1"]
[SourceVersionDate "2018.10.10"]
[SourceQuality "1"]

1. e4 Nf6 2. e5 Nd5 3. d4 d6 4. c4 Nb6 5. exd6 exd6 6. Nf3 Be7 7. h3 Nc6 8. a3 Bf6 9. Be2 d5 10. c5 Nd7 11. Be3 0-0 12. Nc3 Ne7 13. Qc2 Re8 14. 0-0 Nf8 15. Bd3 Neg6 16. Rfe1 Ne6 17. Rad1 c6 18. b4 Qc7 19. Qd2 Bd7 20. Rb1 Nef4 21. Bc2 b5 22. Ne2 Nxe2+ 23. Qxe2 Re7 24. Qd2 Rae8 25. Ra1 Qc8 26. Qd3 Bxh3 27. gxh3 Qxh3 28. Qf5 Qxf5 29. Bxf5 Nf8 30. Kf1 g6 31. Bh3 Bg7 32. a4 bxa4 33. Rxa4 f5 34. Rea1 Rb7 35. Bd2 Ne6 36. Rxa7 Rxa7 37. Rxa7 Bxd4 38. Nxd4 Nxd4 39. Bc3 Ne2 40. Bd2 Nd4 41. Bg2 Nb5 42. Ra6 Rc8 43. Rb6 h5 44. Bxd5+ 1-0

[Event "Warsaw YMCA Winter-C 88th"]
[Site "Warsaw"]
[Date "2011.02.22"]
[Round "8"]
[White "Krzyzanowski, Antoni"]
[Black "Major, Boguslaw"]
[Result "1-0"]
[WhiteElo "1793"]
[BlackElo "1811"]
[PlyCount "95"]
[EventDate "2011.01.04"]
[EventType "tourn"]
[EventRounds "13"]
[EventCountry "POL"]
[SourceTitle "EXT 2019"]
[Source "ChessBase"]
[SourceDate "2018.10.10"]
[SourceVersion "1"]
[SourceVersionDate "2018.10.10"]
[SourceQuality "1"]

1. d4 d5 2. c4 c6 3. Nf3 Nf6 4. Nc3 e6 5. Bg5 Nbd7 6. e3 Qa5 7. Rc1 Ne4 8. Bh4 Bb4 9. Qb3 Ndf6 10. Bd3 Nd6 11. c5 Nde4 12. 0-0 Bxc3 13. bxc3 h6 14. Rc2 g5 15. Bg3 Nxg3 16. hxg3 Ng4 17. c4 Qc7 18. e4 dxe4 19. Bxe4 f5 20. Bd3 f4 21. gxf4 0-0 22. Ne5 Rxf4 23. Nxg4 Rxg4 24. d5 Qf4 25. Re1 Qf7 26. Rce2 Rh4 27. g3 Rh3 28. Be4 exd5 29. cxd5 Bg4 30. Re3 Rf8 31. dxc6 Be6 32. Qc2 Bd5 33. Bxd5 Qxd5 34. Qe4 Qxc6 35. Qxc6 bxc6 36. Re6 g4 37. Rxc6 Rh5 38. Ree6 Rhf5 39. Rg6+ Kf7 40. Rxg4 h5 41. Ra4 Ra8 42. Kg2 a5 43. f4 Ke7 44. Rd4 Rb8 45. Rc7+ Ke8 46. c6 Rb2+ 47. Kf3 Rxa2 48. Rdd7 1-0

[Event "Warsaw YMCA Winter-C 88th"]
[Site "Warsaw"]
[Date "2011.01.04"]
[Round "1"]
[White "Major, Boguslaw"]
[Black "Wilczynski, Adam"]
[Result "1-0"]
[WhiteElo "1811"]
[BlackElo "1768"]
[PlyCount "135"]
[EventDate "2011.01.04"]
[EventType "tourn"]
[EventRounds "13"]
[EventCountry "POL"]
[SourceTitle "EXT 2019"]
[Source "ChessBase"]
[SourceDate "2018.10.10"]
[SourceVersion "1"]
[SourceVersionDate "2018.10.10"]
[SourceQuality "1"]

1. e4 c5 2. d3 Nc6 3. Nd2 Nf6 4. g3 d5 5. Bg2 Bg4 6. f3 Bd7 7. Ne2 e5 8. 0-0 Be7 9. Nc3 dxe4 10. Ndxe4 Nxe4 11. fxe4 Be6 12. Nd5 Bd6 13. Be3 0-0 14. Qh5 f6 15. Rf2 Qe8 16. Qe2 Qg6 17. Raf1 Bg4 18. Bf3 Nd4 19. Bxd4 Bxf3 20. Rxf3 cxd4 21. Kg2 Rac8 22. Rf5 Rc6 23. h4 Rfc8 24. c4 dxc3 25. bxc3 h6 26. h5 Qf7 27. Qg4 Kh8 28. Kh3 Rg8 29. Qe2 Qe6 30. Kh2 Ra6 31. Qd2 Qd7 32. Nxf6 gxf6 33. Rxf6 Bf8 34. Rxf8 Rxf8 35. Rxf8+ Kg7 36. Rf5 Qe6 37. c4 b5 38. Qb2 bxc4 39. dxc4 Rb6 40. Qxe5+ Qxe5 41. Rxe5 Rb2+ 42. Kh3 Rxa2 43. c5 Kf6 44. Rd5 Rc2 45. Rd6+ Ke5 46. Rxh6 Rxc5 47. Ra6 Kxe4 48. Kg4 Rc7 49. Kg5 Kf3 50. Ra3+ Ke4 51. h6 Rc5+ 52. Kh4 Rc7 53. g4 Ke5 54. Kh5 Kf6 55. Ra6+ Kf7 56. g5 Kg8 57. Kg6 Rb7 58. Rc6 Rb8 59. Kf6 Rf8+ 60. Ke6 Kh7 61. Rc7+ Kh8 62. Rxa7 Rf1 63. Rf7 Re1+ 64. Kf6 Re8 65. g6 Rb8 66. g7+ Kh7 67. Rf8 Rxf8+ 68. gxf8R 1-0